[Event "Novokuznetsk SFO-ch U19"]
[Site "Novokuznetsk"]
[Date "2014.11.07"]
[Round "6"]
[White "Angarov, Dmitriy"]
[Black "Isakov, Nikolay"]
[Result "1-0"]
[WhiteElo "2081"]
[BlackElo "2020"]
[PlyCount "69"]
[EventDate "2014.11.02"]
[EventType "swiss"]
[EventRounds "9"]
[EventCountry "RUS"]
[SourceTitle "CBM 163 Extra"]
[Source "ChessBase"]
[SourceDate "2014.12.23"]
[SourceVersion "1"]
[SourceVersionDate "2014.12.23"]
[SourceQuality "1"]

1. e4 d5 2. exd5 Qxd5 3. Nc3 Qd6 4. d4 Nf6 5. Nf3 a6 6. g3 b5 7. Bg2 Bb7 8. 0-0 Nbd7 9. Bf4 Qb6 10. a4 Rc8 11. axb5 axb5 12. Qd3 Nd5 13. Nxd5 Bxd5 14. b3 Nf6 15. c4 bxc4 16. bxc4 Be4 17. Qe3 e6 18. Be5 Bg6 19. c5 Qb4 20. Bxf6 gxf6 21. Nh4 Bg7 22. Bc6+ Ke7 23. Ra4 Qb2 24. d5 Rhd8 25. Re1 e5 26. f4 Bc2 27. Rc4 Bb3 28. Rb4 Rb8 29. Rxb8 Rxb8 30. fxe5 fxe5 31. Nf5+ Kf6 32. Qf3 Rb4 33. Nd6+ Kg5 34. Qf5+ Kh6 35. Nxf7# 1-0

[Event "Kemerovo op"]
[Site "Kemerovo"]
[Date "2013.07.27"]
[Round "8"]
[White "Kolosovskiy, Danil"]
[Black "Isakov, Nikolay"]
[Result "1-0"]
[WhiteElo "1992"]
[BlackElo "2020"]
[PlyCount "103"]
[EventDate "2013.07.22"]
[EventType "swiss"]
[EventRounds "9"]
[EventCountry "RUS"]
[SourceTitle "EXT 2014"]
[Source "ChessBase"]
[SourceDate "2013.11.20"]
[SourceVersion "1"]
[SourceVersionDate "2013.11.20"]
[SourceQuality "1"]

1. d4 Nf6 2. c4 g6 3. Nc3 Bg7 4. e4 d6 5. Nf3 0-0 6. Be2 Nbd7 7. 0-0 e5 8. Be3 exd4 9. Nxd4 Nc5 10. f3 a5 11. Qd2 Re8 12. Rad1 Bd7 13. Rfe1 c6 14. Nb3 Nxb3 15. axb3 Re6 16. Bf1 Qc7 17. g3 Rd8 18. Qf2 Ra8 19. Na4 c5 20. Bh3 Bxa4 21. bxa4 Re7 22. Rd3 Nxe4 23. fxe4 Rxe4 24. b3 Rae8 25. Bg2 R4e6 26. Bd5 Re5 27. Rdd1 Qe7 28. Bd2 Rxe1+ 29. Rxe1 Bd4 30. Rxe7 Bxf2+ 31. Kxf2 Rxe7 32. Bxa5 Kg7 33. Bc3+ f6 34. b4 b6 35. Kf3 Ra7 36. Bc6 Rc7 37. Bb5 Re7 38. h4 Kf7 39. Bd2 Ke6 40. Bc6 Ra7 41. a5 bxa5 42. b5 a4 43. b6 Ra6 44. Ba5 a3 45. b7 Rxa5 46. b8Q Ke5 47. Qe8+ Kd4 48. Qe4+ Kc3 49. Qe1+ Kb2 50. Qxa5 a2 51. Qd2+ Kb1 52. Be4+ 1-0

[Event "Kemerovo Chess School-ch"]
[Site "Kemerovo"]
[Date "2013.03.17"]
[Round "7"]
[White "Kharchenko, Alexey"]
[Black "Isakov, Nikolay"]
[Result "1-0"]
[WhiteElo "1933"]
[BlackElo "2075"]
[PlyCount "127"]
[EventDate "2013.02.24"]
[EventType "swiss"]
[EventRounds "9"]
[EventCountry "RUS"]
[SourceTitle "EXT 2014"]
[Source "ChessBase"]
[SourceDate "2013.11.20"]
[SourceVersion "1"]
[SourceVersionDate "2013.11.20"]
[SourceQuality "1"]

1. d4 Nf6 2. Nf3 g6 3. c4 Bg7 4. Nc3 0-0 5. g3 d5 6. Bg2 dxc4 7. Ne5 c6 8. Nxc4 Be6 9. Ne5 Nbd7 10. Nd3 Nd5 11. e4 Nxc3 12. bxc3 Bc4 13. 0-0 e5 14. Be3 exd4 15. cxd4 c5 16. Rc1 Bxd3 17. Qxd3 cxd4 18. Bxd4 Ne5 19. Qc3 Rc8 20. Qxc8 Qxc8 21. Rxc8 Rxc8 22. Bxa7 Ra8 23. Be3 Nc4 24. Bf4 Rxa2 25. Rc1 b5 26. Bf1 Ra4 27. Rb1 Nb2 28. e5 Rb4 29. Ra1 Ra4 30. Rc1 Nc4 31. Rb1 Nxe5 32. Rxb5 Nd7 33. Rb7 Rd4 34. Rc7 Nf8 35. Bc4 Rd7 36. Rc8 Bf6 37. Bh6 Bg7 38. Bg5 h6 39. Be3 g5 40. Bc5 Rd1+ 41. Kg2 Rc1 42. Bxf8 Rxc4 43. Rxc4 Bxf8 44. Rc8 Kg7 45. Kf3 f5 46. Ke3 Bd6 47. Rc6 Bb8 48. Kd3 h5 49. Rc8 Be5 50. Kc4 g4 51. Kd5 Bf6 52. Ke6 Kg6 53. Rf8 Bd4 54. Rxf5 Ba7 55. Rf4 Kg5 56. Ke5 h4 57. Rf7 hxg3 58. hxg3 Bb6 59. Ke4 Kg6 60. Rf4 Kg5 61. Rf5+ Kg6 62. Kf4 Bxf2 63. Ra5 Bb6 64. Ra6 1-0

[Event "Kemerovo Chess School-ch"]
[Site "Kemerovo"]
[Date "2013.03.13"]
[Round "6"]
[White "Chernov, Mikhail"]
[Black "Isakov, Nikolay"]
[Result "1-0"]
[WhiteElo "2238"]
[BlackElo "2075"]
[PlyCount "73"]
[EventDate "2013.02.24"]
[EventType "swiss"]
[EventRounds "9"]
[EventCountry "RUS"]
[SourceTitle "EXT 2014"]
[Source "ChessBase"]
[SourceDate "2013.11.20"]
[SourceVersion "1"]
[SourceVersionDate "2013.11.20"]
[SourceQuality "1"]

1. e4 d5 2. exd5 Nf6 3. d4 Nxd5 4. c4 Nb6 5. Nc3 g6 6. Be3 Bg7 7. Qd2 0-0 8. 0-0-0 Nc6 9. h4 h5 10. Nf3 Bf5 11. Bh6 e6 12. d5 exd5 13. cxd5 Ne7 14. Bxg7 Kxg7 15. Nd4 Qd7 16. f3 c5 17. Nxf5+ Qxf5 18. g4 Qxf3 19. Be2 Qf6 20. gxh5 gxh5 21. Rhg1+ Ng6 22. Rg5 Rh8 23. Ne4 Qe7 24. Qc3+ f6 25. Bd3 Rh6 26. Ng3 Kh7 27. Nf5 Qf8 28. Rg3 Nxd5 29. Qd2 Ngf4 30. Nxh6+ Kxh6 31. Rg6+ Kh7 32. Rxf6+ Kg7 33. Rxf8 Rxf8 34. Rg1+ Kf6 35. Rg5 Ke6 36. Bc4 Rd8 37. Qxf4 1-0